000 00319nam a2200121 a 4500
008 101022s1959|||| d
245 1 0 _aKňažná Ligovská, hrdina našich čias, maškarný ples
100 1 _aLermontov, M.J.
260 _bSVKL
_aBratislava
_c1959
044 _axo
_cSK
041 _aslo
020 _c17,30
999 _c12109
_d12109